Countries inside the shape of Canada on a World Map - Statistics

General Stats
  • This quiz has been taken 1,608 times
  • The average score is 28 of 29
Answers on the Map
Answers color-coded by a green-red scale on the quiz's map according to % correct below.
 
Answer Stats
Country % Correct
India
99%
Iran
98%
Pakistan
98%
Afghanistan
97%
China
97%
Iraq
97%
Laos
97%
Myanmar
97%
Nepal
97%
Thailand
97%
Vietnam
97%
Bangladesh
96%
Cambodia
96%
Oman
96%
Saudi Arabia
96%
United Arab Emirates
96%
Qatar
95%
Syria
95%
Kazakhstan
94%
Kuwait
94%
Mongolia
93%
Tajikistan
93%
Turkmenistan
93%
Uzbekistan
93%
Kyrgyzstan
92%
Taiwan
92%
Turkey
91%
Philippines
89%
Bahrain
87%
No matching quizzes found
Score Distribution
Percent of People with Each Score
Percentile by Number Answered
Your Score History
You have not taken this quiz